The town mouse and the country mouse

Bibliographic Details
Format: Book
Published: USA : Ladybird Books LTD , 1993
Series:Favourite tales
Subjects:

MARC

LEADER 00000cam a2200000 7i4500
001 0000008239
002 000008985
005 20080223.0
020 |a 0721415644 
090 0 0 |a JF   |b FAV 
245 0 4 |a The town mouse and the country mouse 
260 |a USA :   |b Ladybird Books LTD ,   |c 1993 
300 |a p.v. :   |b ill. ;   |c 17cm. 
490 0 |a Favourite tales 
650 0 0 |a Children's stories 
999 |a 052346   |b BUKU   |c PINJAMAN   |e PERPUSTAKAAN KOMUNITI PETALING JAYA 
999 |a 052347   |b BUKU   |c PINJAMAN   |e PERPUSTAKAAN KOMUNITI PETALING JAYA 
999 |a 052348   |b BUKU   |c PINJAMAN   |e PERPUSTAKAAN KOMUNITI CAW TAMAN MEDAN 
999 |a 055591   |b BUKU   |c PINJAMAN   |e PERPUSTAKAAN KOMUNITI PETALING JAYA